| 000 | 00807cam a22002291 4500 | ||
|---|---|---|---|
| 001 | l 27000440 | ||
| 003 | DLC | ||
| 005 | 20260227111531.0 | ||
| 008 | 850318s1927 cau s000 0 eng c | ||
| 010 | _al 27000440 | ||
| 035 | _a(OCoLC)11816177 | ||
| 040 |
_aLibrary, U.S. Dept. of Labor _cNhD _dDLC |
||
| 042 | _apremarc | ||
| 050 | 0 | 0 |
_aHD7835.C2 _bA4 1927 |
| 110 | 1 | _aCalifornia. | |
| 240 | 0 | 0 | _aLaws, etc. |
| 245 | 1 | 0 |
_aLabor laws of the state of California, 1927. _cWalter G. Mathewson, chief, Division of labor statistics and law enforcement, Department of industrial relations. |
| 260 |
_a[Sacramento, _bCalifornia State Printing Office, _c1927] |
||
| 300 |
_a350 p. _c17 cm. |
||
| 650 | 0 |
_aLabor laws and legislation _zCalifornia. |
|
| 710 | 1 |
_aCalifornia. _bDepartment of Industrial Relations. |
|
| 999 |
_c35885 _d35885 |
||